Najlepsi Polscy piłkarze 25/26 - Statystyki

Ogólne statystyki
  • Ten quiz został rozwiązany 136 razy
  • Średni wynik to 27 z 50
Statystyki odpowiedzi
KLUB PIŁKARZ % Poprawnych
Aston Villa Matty Cash
94%
FC Barcelona Robert Lewandowski
94%
Porto Jan Bednarek
93%
Porto Jakub Kiwior
92%
Atalanta Nicola Zalewski
92%
Inter Mediolan Piotr Zieliński
92%
Legia Warszawa Damian Szymański
84%
Fenerbahce Sebastian Szymański
84%
FC Koln Jakub Kamiński
82%
Wolfsburg Kamil Grabara
78%
NEOM SC Marcin Bułka
76%
Feyenoord Jakub Moder
75%
Jagiellonia Białystok Oskar Pietuszewski
74%
Panathinaikos Karol Świderski
71%
Al-Duhail SC Krzysztof Piątek
71%
Bologna Łukasz Skorupski
71%
AS Roma Jan ZIółkowski
67%
Udinese Calcio Adam Buksa
65%
Stade Rennais Przemysław Frankowski
65%
Panathinaikos Bartłomiej Drągowski
60%
Atlanta United Bartosz Slisz
59%
Legia Warszawa Bartosz Kapustka
57%
KAA Gent Michał Skóraś
57%
Legia Warszawa Kacper Urbański
56%
Cruz Azul Mateusz Bogusz
52%
Strasbourg Maxi Oyedele
51%
PAOK Saloniki Tomasz Kędziora
49%
Spezia Calcio Przemysław Wiśniewski
48%
Lech Poznań Antoni Kozubal
47%
Udinese Calcio Jakub Piotrowski
46%
Lech Poznań Bartosz Mrozek
42%
Hertha Berlin Dawid Kownacki
42%
Sturm Graz Filip Rózga
42%
US Sassuolo Sebastian Walukiewicz
42%
Gaziantep Kacper Kozłowski
41%
Legia Warszawa Kamil Piątkowski
39%
Stade Brestois Radosław Majecki
38%
Lech Poznań Michał Gurgul
37%
Parma Calcio Adrian Benedyczak
36%
Jagiellonia Białystok Sławomir Abramowicz
34%
Raków Częstochowa Kacper Trelowski
29%
Rio Ave Cezary Miszta
28%
US Lecce Filip Marchwiński
28%
West Bromwich Albion Krystian Bielik
27%
Zagłębie Lubin Marcel Reguła
26%
Pogoń Szczecin Adrian Przyborek
25%
Basaksehir Jakub Kałuziński
24%
Raków Częstochowa Tomasz Pieńko
24%
Oud-Heverlee Leuven Łukasz Łakomy
14%
Eyupspor Mateusz Łęgowski
12%
Nie znaleziono quizów pasujących do podanych kryteriów
Rozkład punktacji
Procent ludzi z każdym wynikiem
Percentyl według liczby udzielonych odpowiedzi
Twoja historia wyników
Nie rozwiązałeś tego quizu